00670nam a2200217 a 450000100060000000300080000600500170001400800410003103500190007204000300009104100080012108200220012910000350015124500550018625000120024126000510025330000300030465000260033465000260036083000660038670165BD-RjUL20211209081954.0170416s1970 enka 001 0 eng d a(BD-RjUL)70377 aAPLSbengcAPLSdAUCdANL aeng04a661223bSAI 19701 aSamuel, D. M.q(Dilwyn Morgan)10aIndustrial chemistry - inorganic /c D. M. Samuel. a2nd ed. aLondon :bRoyal Institute of Chemistry,c1970. avii,167p :bill. ;c22cm. 0aChemistry, Technical. 0aChemistry, Inorganic. aRoyal institute of Chemistry Monographs for teachers ;vno.10